Billie Eilish - hostage Lyrics - Statistics

General Stats
  • This quiz has been taken 308 times
  • The average score is 166 of 189
Answer Stats
Answer % Correct
a
100%
you
100%
be
99%
I
99%
when
99%
When
99%
your
99%
do
97%
that
97%
wanna
97%
with
97%
And
96%
and
96%
make
96%
alone
95%
Alone
95%
in
95%
my
95%
sense?
95%
so
95%
me
94%
does
93%
on
93%
to
93%
To
93%
hostage
91%
let
91%
like
91%
Like
91%
You're
91%
you're
91%
all
88%
don't
88%
feel
88%
hold
88%
Hold
88%
kiss
88%
Kiss
88%
know
88%
what
88%
steal
87%
It's
86%
mean
86%
neck
86%
not
86%
chest
85%
wanted
85%
But
84%
hide
84%
I'll
84%
inside
84%
right
84%
stay
84%
feels
82%
Gold
82%
this
82%
treasure
82%
wear
82%
build
80%
chain
80%
I'm
80%
Just
80%
love
80%
cheek
78%
true
78%
veins
78%
can't
77%
fingertips
77%
Fingertips
77%
until
77%
crawl
76%
give
76%
home
76%
The
76%
Yeah
76%
hurts
75%
shirt
75%
wall
75%
against
74%
real
74%
sec
74%
we're
74%
fake
70%
nothing
70%
speak
69%
ball
68%
lips
66%
beneath
63%
Gold's
63%
across
57%
leaf
46%
sould
14%
No matching quizzes found
Score Distribution
Percent of People with Each Score
Percentile by Number Answered
Your Score History
You have not taken this quiz